Alexandre le Grand - Statistics

General Stats
  • This quiz has been taken 51 times
  • The average score is 34 of 64
Answer Stats
Question Tile Select % Correct
Lesquelles de ces propositions désignent un pays actuel, situé dans l'Antique Empire d'Alexandre le Grand, à son apogée, en 323 av. J.-C.? Algérie No
92%
Lesquelles de ces propositions désignent un pays actuel, situé dans l'Antique Empire d'Alexandre le Grand, à son apogée, en 323 av. J.-C.? Italie No
89%
Lesquelles de ces propositions désignent un pays actuel, situé dans l'Antique Empire d'Alexandre le Grand, à son apogée, en 323 av. J.-C.? Egypte Yes
84%
Lesquelles de ces propositions désignent un pays actuel, situé dans l'Antique Empire d'Alexandre le Grand, à son apogée, en 323 av. J.-C.? Oman No
84%
Lesquelles de ces propositions désignent un pays actuel, situé dans l'Antique Empire d'Alexandre le Grand, à son apogée, en 323 av. J.-C.? Bosnie-Herzégovine No
81%
Lesquelles de ces propositions désignent un pays actuel, situé dans l'Antique Empire d'Alexandre le Grand, à son apogée, en 323 av. J.-C.? Géorgie No
81%
Lesquelles de ces propositions désignent un pays actuel, situé dans l'Antique Empire d'Alexandre le Grand, à son apogée, en 323 av. J.-C.? Kazakhstan No
78%
Lesquelles de ces propositions désignent un pays actuel, situé dans l'Antique Empire d'Alexandre le Grand, à son apogée, en 323 av. J.-C.? Roumanie No
78%
Lesquelles de ces propositions désignent un pays actuel, situé dans l'Antique Empire d'Alexandre le Grand, à son apogée, en 323 av. J.-C.? Syrie Yes
73%
Lesquelles de ces propositions désignent un pays actuel, situé dans l'Antique Empire d'Alexandre le Grand, à son apogée, en 323 av. J.-C.? Turquie Yes
73%
Lesquelles de ces personnes ont côtoyé Alexandre le Grand? Agamemnon No
68%
Lesquelles de ces batailles font partie de l'expédition d'Alexandre le Grand? Bataille de Platées No
68%
Cliquez sur les affirmations justes. "Alexandre... est mort de vieillesse" No
68%
Lesquelles de ces propositions désignent un pays actuel, situé dans l'Antique Empire d'Alexandre le Grand, à son apogée, en 323 av. J.-C.? Irak Yes
68%
Lesquelles de ces batailles font partie de l'expédition d'Alexandre le Grand? Bataille de Marathon No
65%
Cliquez sur les affirmations justes. "Alexandre... était mauvais cavalier" No
65%
Lesquelles de ces batailles font partie de l'expédition d'Alexandre le Grand? Bataille de Pharsale No
62%
Lesquelles de ces batailles font partie de l'expédition d'Alexandre le Grand? Bataille de Qadesh No
62%
Lesquelles de ces propositions désignent un pays actuel, situé dans l'Antique Empire d'Alexandre le Grand, à son apogée, en 323 av. J.-C.? Inde No
62%
Lesquelles de ces personnes ont côtoyé Alexandre le Grand? Pyrrhus No
62%
Lesquelles de ces personnes ont côtoyé Alexandre le Grand? Pythagore No
62%
Lesquelles de ces personnes ont côtoyé Alexandre le Grand? Thémistocle No
62%
Cliquez sur les affirmations justes. "Alexandre... a eu quatre enfants" No
59%
Cliquez sur les affirmations justes. "Alexandre... a tué son père" No
59%
Lesquelles de ces batailles font partie de l'expédition d'Alexandre le Grand? Bataille de Cynoscéphales No
59%
Cliquez sur les affirmations justes. "Alexandre... a fait bâtir une vingtaine de villes à son nom" Yes
57%
Lesquelles de ces personnes ont côtoyé Alexandre le Grand? Aristote Yes
57%
Lesquelles de ces batailles font partie de l'expédition d'Alexandre le Grand? Bataille de l'Hellespont No
57%
Lesquelles de ces batailles font partie de l'expédition d'Alexandre le Grand? Bataille des Thermopyles No
57%
Lesquelles de ces propositions désignent un pays actuel, situé dans l'Antique Empire d'Alexandre le Grand, à son apogée, en 323 av. J.-C.? Liban Yes
57%
Cliquez sur les affirmations justes. "Alexandre... ne revint jamais en Macédoine" Yes
57%
Lesquelles de ces personnes ont côtoyé Alexandre le Grand? Périclès No
57%
Lesquelles de ces batailles font partie de l'expédition d'Alexandre le Grand? Siège de Constantinople No
57%
Lesquelles de ces batailles font partie de l'expédition d'Alexandre le Grand? Bataille de Salamine No
54%
Cliquez sur les affirmations justes. "Alexandre... élimina toute la famille de Darius III" No
54%
Cliquez sur les affirmations justes. "Alexandre... épousa une grecque" No
54%
Lesquelles de ces personnes ont côtoyé Alexandre le Grand? Xerxès No
54%
Cliquez sur les affirmations justes. "Alexandre... est mort à Alexandrie en Egypte" No
51%
Cliquez sur les affirmations justes. "Alexandre... fut déclaré fils de Zeus" Yes
51%
Lesquelles de ces propositions désignent un pays actuel, situé dans l'Antique Empire d'Alexandre le Grand, à son apogée, en 323 av. J.-C.? Pakistan Yes
51%
Cliquez sur les affirmations justes. "Alexandre... parlait Grec" Yes
51%
Lesquelles de ces personnes ont côtoyé Alexandre le Grand? Philippe II Yes
51%
Lesquelles de ces personnes ont côtoyé Alexandre le Grand? Ptolémée Yes
51%
Lesquelles de ces batailles font partie de l'expédition d'Alexandre le Grand? Bataille de Gaugamèles Yes
46%
Lesquelles de ces batailles font partie de l'expédition d'Alexandre le Grand? Bataille de Gaza No
46%
Lesquelles de ces batailles font partie de l'expédition d'Alexandre le Grand? Siège de Tyr Yes
43%
Lesquelles de ces propositions désignent un pays actuel, situé dans l'Antique Empire d'Alexandre le Grand, à son apogée, en 323 av. J.-C.? Bulgarie Yes
41%
Cliquez sur les affirmations justes. "Alexandre... prévoyait d'envahir la Chine" No
41%
Lesquelles de ces personnes ont côtoyé Alexandre le Grand? Roxane Yes
41%
Lesquelles de ces batailles font partie de l'expédition d'Alexandre le Grand? Bataille d'Issos Yes
38%
Cliquez sur les affirmations justes. "Alexandre... était homosexuel" Yes
38%
Lesquelles de ces personnes ont côtoyé Alexandre le Grand? Olympias Yes
38%
Cliquez sur les affirmations justes. "Alexandre... fut victime d'une tentative d’empoisonnement" Yes
32%
Lesquelles de ces propositions désignent un pays actuel, situé dans l'Antique Empire d'Alexandre le Grand, à son apogée, en 323 av. J.-C.? Koweït Yes
32%
Cliquez sur les affirmations justes. "Alexandre... n'a jamais perdu de batailles" Yes
32%
Lesquelles de ces personnes ont côtoyé Alexandre le Grand? Antigone le Borgne Yes
30%
Lesquelles de ces batailles font partie de l'expédition d'Alexandre le Grand? Bataille du Granique Yes
27%
Lesquelles de ces personnes ont côtoyé Alexandre le Grand? Héphaistion Yes
27%
Lesquelles de ces personnes ont côtoyé Alexandre le Grand? Pausanias Yes
27%
Cliquez sur les affirmations justes. "Alexandre... prévoyait d'envahir l'Arabie" Yes
24%
Lesquelles de ces personnes ont côtoyé Alexandre le Grand? Antipater Yes
22%
Lesquelles de ces batailles font partie de l'expédition d'Alexandre le Grand? Bataille d'Hydaspe Yes
22%
Lesquelles de ces personnes ont côtoyé Alexandre le Grand? Séleucos Yes
19%
Lesquelles de ces batailles font partie de l'expédition d'Alexandre le Grand? Siège de Milet Yes
19%
No matching quizzes found
Score Distribution
Percent of People with Each Score
Percentile by Number Answered
Your Score History
You have not taken this quiz